Gentians /

Bibliographic Details
Main Author: Bartlett, Mary
Format: Book
Language:English
Published: New York, N.Y. : Universe, 1981.
Edition:Rev. ed.
Subjects:

MARC

Tag First Indicator Second Indicator Subfields
LEADER 00000cam a2200000 a 4500
001 in00000081713
005 20151008054128.0
008 811124s1981 nyua b 00110 eng d
020 |a 0906670187 
035 |a (OCoLC)07952338 
035 |9 AAH9726AM 
040 |a VXG  |c VXG  |d TXA  |d UtOrBLW 
049 |a TXAM  |c [1195860] 
090 |a SB413.G3  |b B34 1981 
100 1 |a Bartlett, Mary. 
245 1 0 |a Gentians /  |c Mary Bartlett ; with line drawings by Rosemary Smith, J.S. Pringle and N. Cruttwell. 
250 |a Rev. ed. 
264 1 |a New York, N.Y. :  |b Universe,  |c 1981. 
300 |a 144 pages :  |b illustrations (some color) ;  |c 25 cm. 
336 |a text  |b txt  |2 rdacontent 
337 |a unmediated  |b n  |2 rdamedia 
338 |a volume  |b nc  |2 rdacarrier 
500 |a Imprint under label reads: Alphabooks. 
500 |a Includes index. 
504 |a Bibliography: page 142. 
650 0 |a Gentians. 
999 |a MARS 
999 f f |s de38aa4c-355d-371a-8d3a-6da9cc32a0c6  |i 236e6743-c600-3d5e-b8e9-f42f36c11065  |t 0 
952 f f |p ric  |a Texas A&M University  |b Rellis Campus  |c Joint Library Facility  |d Remote Storage  |t 0  |e SB413.G3 B34 1981  |h Library of Congress classification  |i unmediated -- volume  |m A14806236038 
998 f f |a SB413.G3 B34 1981  |t 0  |l Remote Storage